Classical nonintegrability, quantum chaos /
Guardado en:
| Autor Principal: | |
|---|---|
| Otros Autores: | , |
| Formato: | Libro |
| Idioma: | English |
| Publicado: |
Basel ; Boston :
Birkhäuser Verlag,
c1997.
|
| Series: | DMV Seminar ;
Bd. 27 |
| Materias: | |
| Etiquetas: |
Agregar Etiqueta
Sin Etiquetas, Sea el primero en etiquetar este registro!
|
| LEADER | 00980cam a2200277 a 4500 | ||
|---|---|---|---|
| 001 | MAT.inmabb006350 | ||
| 008 | 970207s1997####sz#a#####b####001#0#eng## | ||
| 005 | 20130404091953.0 | ||
| 245 | 1 | 0 | |a Classical nonintegrability, quantum chaos / |c Andreas Knauf, Yakov G. Sinai ; with a contribution by Viviane Baladi. |
| 260 | |a Basel ; |a Boston : |b Birkhäuser Verlag, |c c1997. | ||
| 300 | |a vi, 98 p. : |b il. ; |c 24 cm. | ||
| 440 | 0 | |a DMV Seminar ; |v Bd. 27 | |
| 504 | |a Incluye referencias bibliográficas e índice. | ||
| 510 | 4 | |a MR, |c 98k:58181 | |
| 020 | |a 3764357088 (Basel : alk. paper) | ||
| 020 | |a 0817657088 (Boston : alk. paper) | ||
| 100 | 1 | |a Knauf, A. |q (Andreas), |d 1956- | |
| 700 | 1 | |a Sinai, IAkov Grigor´evich, |d 1935- | |
| 700 | 1 | |a Baladi, Viviane. | |
| 650 | 0 | |a Quantum chaos. | |
| 650 | 0 | |a Dynamics. | |
| 650 | 0 | |a Nonlinear theories. | |
| 084 | |a 58F20 (58F13 58F19 81Q50) |2 MR | ||
| 010 | |a 97007627 | ||
| 040 | |a DLC |c DLC |d DLC | ||
| 859 | |h 37 |i K67 |p A-7349 |b BIB. MATEMATICA | ||
